| 000 | 00563nam a22001937a 4500 | ||
|---|---|---|---|
| 003 | OSt | ||
| 008 | 260506b |||||||| |||| 00| 0 eng d | ||
| 082 |
_a633.18 _bC32E |
||
| 100 | _aChoudhary, Sanjay Kumar. | ||
| 245 |
_aEffect of Nitrogen and Zinc on Growth, Nutrient Uptake and Productivity of Mid-Land Rice (Oryza Sativa L.) / _cby Sanjay Kumar Choudhary |
||
| 260 |
_a.- Pusa, Samastipur _b: RAU _c, 2001 |
||
| 300 | _a93p. | ||
| 502 |
_bPh. D. _d2001 |
||
| 650 | _aAgronomy | ||
| 650 | _aRice | ||
| 650 | _aThesis | ||
| 650 | _aPh. D. | ||
| 942 |
_2ddc _cT |
||
| 999 |
_c50456 _d50456 |
||